Kabale University Library Catalogue

Computers, communications, and information : (Record no. 5900)

MARC details
000 -LEADER
fixed length control field 01680pam a2200385 a 4500
001 - CONTROL NUMBER
control field 1654182
003 - CONTROL NUMBER IDENTIFIER
control field OSt
005 - DATE AND TIME OF LATEST TRANSACTION
control field 20260129122300.0
008 - FIXED-LENGTH DATA ELEMENTS--GENERAL INFORMATION
fixed length control field 971001s1998 maua b 001 0 eng
020 ## - INTERNATIONAL STANDARD BOOK NUMBER
International Standard Book Number 0256252777
Qualifying information comprehensive version : acid-free paper
020 ## - INTERNATIONAL STANDARD BOOK NUMBER
International Standard Book Number 9780256252774
Qualifying information (comprehensive version : acid-free paper)
040 ## - CATALOGING SOURCE
Original cataloging agency KABLIB
Transcribing agency KABLIB
Language of cataloging eng
082 00 - DEWEY DECIMAL CLASSIFICATION NUMBER
Classification number 004
Edition number 23
Item number HUT
100 1# - MAIN ENTRY--PERSONAL NAME
Personal name Hutchinson Sarah E,
Dates associated with a name 1998
9 (RLIN) 14889
245 10 - TITLE STATEMENT
Title Computers, communications, and information :
Remainder of title a user's introduction /
Statement of responsibility, etc. Sarah E. Hutchinson, Stacey C. Sawyer; with contributions by Glen J. Coulthard.
250 ## - EDITION STATEMENT
Edition statement Rev. ed.
260 ## - PUBLICATION, DISTRIBUTION, ETC.
Place of publication, distribution, etc. Boston :
Name of publisher, distributor, etc. Irwin/McGraw-Hill,
Date of publication, distribution, etc. c1998.
300 ## - PHYSICAL DESCRIPTION
Extent xvi ;574p
Other physical details ill. (some col.) ;
Dimensions 27 cm.
336 ## - CONTENT TYPE
Source rda
500 ## - GENERAL NOTE
General note Includes appendix,
500 ## - GENERAL NOTE
General note Includes index.
504 ## - BIBLIOGRAPHY, ETC. NOTE
Bibliography, etc. note index.
600 ## - SUBJECT ADDED ENTRY--PERSONAL NAME
Source of heading or term Computers, Communications, and Information;
Personal name Sarah E. Hutchinson;
Dates associated with a name 1998
9 (RLIN) 14890
650 #0 - SUBJECT ADDED ENTRY--TOPICAL TERM
Topical term or geographic name entry element Computers.
9 (RLIN) 1529
650 #0 - SUBJECT ADDED ENTRY--TOPICAL TERM
Topical term or geographic name entry element Information technology.
700 1# - ADDED ENTRY--PERSONAL NAME
Personal name Sawyer, Stacey C.
9 (RLIN) 1528
700 1# - ADDED ENTRY--PERSONAL NAME
Personal name Coulthard, Glen J.
9 (RLIN) 1599
856 42 - ELECTRONIC LOCATION AND ACCESS
Materials specified Publisher description
Uniform Resource Identifier <a href="http://www.loc.gov/catdir/description/mh023/97032174.html">http://www.loc.gov/catdir/description/mh023/97032174.html</a>
856 41 - ELECTRONIC LOCATION AND ACCESS
Materials specified Table of contents
Uniform Resource Identifier <a href="http://www.loc.gov/catdir/toc/mh022/97032174.html">http://www.loc.gov/catdir/toc/mh022/97032174.html</a>
856 42 - ELECTRONIC LOCATION AND ACCESS
Materials specified Contributor biographical information
Uniform Resource Identifier <a href="http://www.loc.gov/catdir/enhancements/fy0707/97032174-b.html">http://www.loc.gov/catdir/enhancements/fy0707/97032174-b.html</a>
906 ## - LOCAL DATA ELEMENT F, LDF (RLIN)
a 7
b cbc
c orignew
d 1
e ocip
f 19
g y-gencatlg
942 ## - ADDED ENTRY ELEMENTS (KOHA)
Source of classification or shelving scheme Dewey Decimal Classification
Koha item type Book
Edition Revised edition
Holdings
Withdrawn status Lost status Source of classification or shelving scheme Damaged status Not for loan Home library Current library Shelving location Date acquired Source of acquisition Total Checkouts Full call number Barcode Date last seen Price effective from Koha item type
    Dewey Decimal Classification     Mukombe Library Mukombe Library Open Access Section 29.01.2026 Donation   004 HUT 14397 29.01.2026 29.01.2026 Book
    Dewey Decimal Classification     Mukombe Library Mukombe Library Open Access Section 29.01.2026 Donation   004 HUT 14398 29.01.2026 29.01.2026 Book
    Dewey Decimal Classification     Mukombe Library Mukombe Library Open Access Section 29.01.2026 Donation   004 HUT 14399 29.01.2026 29.01.2026 Book
    Dewey Decimal Classification     Mukombe Library Mukombe Library Open Access Section 29.01.2026 Donation   004 HUT 14400 29.01.2026 29.01.2026 Book
    Dewey Decimal Classification     Mukombe Library Mukombe Library Open Access Section 29.01.2026 Donation   004 HUT 14401 29.01.2026 29.01.2026 Book

Kabale University Library | Kabale University P.O Box 317, Kabale, Uganda
Tel : +256754017033, +256774661503 E-mail : library@kab.ac.ug